NFL Pass Completion Leaders (Season) - Statistics

General Stats
  • This quiz has been taken 326 times
  • The average score is 39 of 55
Answer Stats
Year Completions Team Answer % Correct
2022 490 Buccaneers Tom Brady
99%
2021 485 Buccaneers Tom Brady
99%
2024 460 Bengals Joe Burrow
98%
2017 386 Saints Drew Brees
97%
2016 471 Saints Drew Brees
97%
2014 456 Saints Drew Brees
97%
2011 468 Saints Drew Brees
97%
2008 413 Saints Drew Brees
97%
2007 440 Saints Drew Brees
97%
2013 450 Broncos Peyton Manning
97%
2010 450 Colts Peyton Manning
97%
2003 379 Colts Peyton Manning
97%
2000 357 Colts Peyton Manning
97%
1972 230 Saints Archie Manning
96%
2018 452 Steelers Ben Roethlisberger
96%
2020 407 Falcons Matt Ryan
94%
2019 408 Falcons Matt Ryan
94%
2005 372 Packers Brett Favre
93%
1998 347 Packers Brett Favre
93%
2012 435 Lions Matthew Stafford
93%
1997 319 Dolphins Dan Marino
92%
1992 330 Dolphins Dan Marino
92%
1988 354 Dolphins Dan Marino
92%
1986 378 Dolphins Dan Marino
92%
1985 336 Dolphins Dan Marino
92%
1984 362 Dolphins Dan Marino
92%
2015 437 Chargers Philip Rivers
91%
2023 410 Cowboys Dak Prescott
82%
1993 348 Broncos John Elway
81%
2001 375 Rams Kurt Warner
80%
1995 377 Vikings Warren Moon
75%
1991 404 Oilers Warren Moon
75%
1990 362 Oilers Warren Moon
75%
1996 373 Patriots Drew Bledsoe
71%
1994 400 Patriots Drew Bledsoe
71%
2009 396 Texans Matt Schaub
70%
1978 345 Vikings Fran Tarkenton
64%
1976 255 Vikings Fran Tarkenton
64%
1975 273 Vikings Fran Tarkenton
64%
2004 379 Vikings Daunte Culpepper
62%
1981 360 Chargers Dan Fouts
55%
1980 348 Chargers Dan Fouts
55%
2002 418 Raiders Rich Gannon
54%
1982 218 Bengals Ken Anderson
36%
1974 213 Bengals Ken Anderson
36%
2006 372 Lions John Kitna
32%
1977 224 Colts Bert Jones
22%
1989 353 Packers Don Majkowski
20%
1999 343 Panthers Steve Beuerlein
18%
1970 223 49ers John Brodie
15%
1987 275 Cardinals Neil Lomax
14%
1971 223 Chargers John Hadl
11%
1973 270 Eagles Roman Gabriel
8%
1979 347 49ers Steve DeBerg
8%
1983 346 Chiefs Bill Kenney
4%
No matching quizzes found
Score Distribution
Percent of People with Each Score
Percentile by Number Answered
Your Score History
You have not taken this quiz